000 00445nam a2200157Ia 4500
003 IQ-KOUCL
041 _aKurdish
082 _a891,41 cut-994 ح
100 _a20260118u\\\\\\\\\\\y0engy0103\\\\ba
100 _aبەهزاد حەوێزى
245 0 _aلەدرزى هزرەوە - کۆمەڵە وتار
250 _aچ1
260 _bچاپخانەیى وەزارەتى رۆشنبیرى
_aهەولێر
_c2009
300 _a250
942 _cBk
999 _c187481
_d187481